000
00315nam a2200145Ia 4500
100
_a
Heller/ Philips/ Roberts/ Simon
942
_c
BK
654
_a
Computer
245
_a
Java 2 Developers Handbook
260
_b
B.P.B
_c
2000
082
_a
005.133'J'
_b
hel/
300
_a
1011
546
_a
ENGLISH
999
_c
19285
_d
19285